[Event "chess.com SpeedChess 2022"]
[Site "chess.com INT"]
[Date "2022.11.30"]
[Round "1.33"]
[White "Andreikin, Dmitry"]
[Black "Aronian, Levon"]
[Result "1-0"]
[WhiteTitle "GM"]
[BlackTitle "GM"]
[WhiteElo "2729"]
[BlackElo "2735"]
[WhiteFideId "4158814"]
[BlackFideId "13300474"]
[EventDate "2022.11.23"]
[EventType "k.o."]

1. Nf3 d5 2. g3 Nc6 3. d4 Bf5 4. Bg2 e6 5. O-O Nb4 6. Na3 Nf6 7. c3 Nc6 8. Qa4
Nd7 9. Bf4 Nb6 10. Qd1 Bxa3 11. bxa3 O-O 12. Nd2 Na5 13. e4 Bg6 14. h4 h6 15. h5
Bh7 16. Qg4 Kh8 17. exd5 Nxd5 18. Rac1 Nxf4 19. Qxf4 c6 20. Qe5 b6 21. c4 Rc8
22. c5 Qf6 23. Ne4 Bxe4 24. Bxe4 Rfd8 25. Rfd1 Qxe5 26. dxe5 Rxd1+ 27. Rxd1 Nc4
28. f4 bxc5 29. Rd7 Kg8 30. Rxa7 Nb6 31. a4 c4 32. a5 Nd5 33. a6 Nc3 34. Rb7
Nxe4 35. a7 c3 36. Rb8 c2 37. Rxc8+ Kh7 38. Rh8+ Kxh8 39. a8=Q+ Kh7 40. Qxc6 1-0

[Event "chess.com SpeedChess 2022"]
[Site "chess.com INT"]
[Date "2022.11.30"]
[Round "1.34"]
[White "Aronian, Levon"]
[Black "Andreikin, Dmitry"]
[Result "1-0"]
[WhiteTitle "GM"]
[BlackTitle "GM"]
[WhiteElo "2735"]
[BlackElo "2729"]
[WhiteFideId "13300474"]
[BlackFideId "4158814"]
[EventDate "2022.11.23"]
[EventType "k.o."]

1. e4 c5 2. Nf3 e6 3. c3 d5 4. exd5 exd5 5. d4 Nc6 6. Bb5 Bd6 7. O-O Nf6 8. Re1+
Be6 9. Be3 cxd4 10. Nxd4 O-O 11. Bxc6 bxc6 12. Bg5 h6 13. Nxc6 Qc7 14. Bxf6 Qxc6
15. Bd4 Rfb8 16. b3 a5 17. Nd2 Bf5 18. Qf3 Bg6 19. Nc4 Re8 20. Nxd6 Qxd6 21. h3
Kh7 22. Rxe8 Rxe8 23. a3 Re6 24. b4 Be4 25. Qg3 Qf8 26. f3 Rg6 27. Qf4 Bd3 28.
Re1 axb4 29. axb4 f6 30. Kf2 Qa8 31. Qd2 Bc4 32. g4 Qb8 33. Kg2 h5 34. Qc2 Qf4
35. Bf2 f5 36. Bg3 Qg5 37. Qxf5 Qxf5 38. gxf5 Rg5 39. Kf2 Rxf5 40. Be5 g5 41.
Kg3 Kg6 42. Bd4 Bd3 43. Re7 Rf4 44. Re6+ Kf7 45. Re5 h4+ 46. Kg2 Rf5 47. Re3 Bc2
48. b5 Ba4 49. b6 Bc6 50. Bc5 d4 51. cxd4 Bd5 52. Re5 Bxf3+ 53. Kf2 Rxe5 54.
dxe5 Bb7 55. Be3 Ke6 56. Bxg5 Kxe5 57. Bxh4 Kd5 58. Bf6 Kc5 59. Bd8 Bc8 60. Kg3
Kc6 61. h4 Kd7 62. Bg5 Ke6 63. h5 Kf5 64. Be3 Bb7 65. h6 Kg6 66. Bg5 Be4 67. Kf4
Bb7 68. Ke5 Bc6 69. Kd6 Bf3 70. Kc7 Bg2 71. b7 Bxb7 72. Kxb7 Kh7 73. Kc6 Kg6 74.
Kd5 1-0

[Event "chess.com SpeedChess 2022"]
[Site "chess.com INT"]
[Date "2022.11.30"]
[Round "1.35"]
[White "Andreikin, Dmitry"]
[Black "Aronian, Levon"]
[Result "1/2-1/2"]
[WhiteTitle "GM"]
[BlackTitle "GM"]
[WhiteElo "2729"]
[BlackElo "2735"]
[WhiteFideId "4158814"]
[BlackFideId "13300474"]
[EventDate "2022.11.23"]
[EventType "k.o."]

1. Nf3 d5 2. g3 Nc6 3. d4 Bf5 4. Bg2 e6 5. O-O Nb4 6. Na3 Nf6 7. c3 Nc6 8. Qa4
Nd7 9. Qb3 Na5 10. Qa4 Nc6 11. Nb1 Nb6 12. Qd1 Be7 13. Bf4 O-O 14. Nbd2 g5 15.
Be3 Bg6 16. Ne1 e5 17. dxe5 Nxe5 18. Ndf3 Nec4 19. Bc1 c5 20. a4 a5 21. Nd3 Rc8
22. Nde5 Bf6 23. Ng4 Be7 24. Qb3 h5 25. Nge5 g4 26. Nxg6 fxg6 27. Nd2 Nxd2 28.
Bxd2 c4 29. Qc2 Kg7 30. Rad1 Bc5 31. b4 cxb3 32. Qxb3 Qd7 33. Bf4 Qxa4 34. Qxa4
Nxa4 35. Rxd5 Rxf4 36. gxf4 Nxc3 37. Rd7+ Kh6 38. Bxb7 Nxe2+ 39. Kh1 Rf8 40. Rc7
Bd4 41. Rd7 Rxf4 42. Ba6 Nc3 43. Rd6 a4 44. Bc4 a3 45. Ra6 Ne4 46. Bd3 Nxf2+ 47.
Rxf2 Rxf2 48. Rxg6+ Kh7 49. Rxg4+ Kh8 50. Rxd4 Rd2 51. Ra4 Rxd3 52. Kg2 Kg7 53.
Ra5 h4 54. h3 Kf6 55. Ra4 Kg5 56. Rg4+ Kh5 57. Ra4 Rg3+ 58. Kh2 Kg5 59. Ra5+ Kf6
60. Ra4 Rb3 61. Rxh4 Ke5 62. Ra4 Kd5 63. h4 Kc5 64. h5 Kb5 65. Ra8 Kc4 66. h6
Rb6 67. Rxa3 Rxh6+ 68. Rh3 Rxh3+ 69. Kxh3 1/2-1/2

[Event "chess.com SpeedChess 2022"]
[Site "chess.com INT"]
[Date "2022.11.30"]
[Round "1.36"]
[White "Aronian, Levon"]
[Black "Andreikin, Dmitry"]
[Result "1-0"]
[WhiteTitle "GM"]
[BlackTitle "GM"]
[WhiteElo "2735"]
[BlackElo "2729"]
[WhiteFideId "13300474"]
[BlackFideId "4158814"]
[EventDate "2022.11.23"]
[EventType "k.o."]

1. e4 c5 2. Nf3 e6 3. c3 d5 4. exd5 exd5 5. d4 Nc6 6. Bb5 Bd6 7. O-O Ne7 8. dxc5
Bxc5 9. Nbd2 O-O 10. Nb3 Bb6 11. Re1 Nf5 12. Bf4 a6 13. Bd3 Be6 14. Qc2 g6 15.
Qd2 Re8 16. Bxf5 Bxf5 17. Rxe8+ Qxe8 18. Re1 Qd7 19. Be3 Bc7 20. Nc5 Qc8 21.
Qxd5 Nd8 22. Bh6 Ne6 23. Nxe6 fxe6 24. Qd4 e5 25. Nxe5 Qe6 26. Nf3 Qd7 27. Qxd7
Bxd7 28. Re7 Rd8 29. h3 Bd6 30. Rg7+ Kh8 31. Ng5 Be8 32. Rxh7+ Kg8 33. Rg7+ Kh8
34. Nf7+ Bxf7 35. Rxf7 Be5 36. Rf8+ Rxf8 37. Bxf8 Kg8 38. Bc5 Kf7 39. Bd4 Bf4
40. Kf1 Bc1 41. c4 Ke6 42. Ke2 b5 43. b3 bxc4 44. bxc4 Kd7 45. Kf3 Ke6 46. Ke4
Ba3 47. g4 Be7 48. f4 1-0

[Event "chess.com SpeedChess 2022"]
[Site "chess.com INT"]
[Date "2022.11.30"]
[Round "1.37"]
[White "Andreikin, Dmitry"]
[Black "Aronian, Levon"]
[Result "1-0"]
[WhiteTitle "GM"]
[BlackTitle "GM"]
[WhiteElo "2729"]
[BlackElo "2735"]
[WhiteFideId "4158814"]
[BlackFideId "13300474"]
[EventDate "2022.11.23"]
[EventType "k.o."]

1. d4 Nf6 2. Nf3 d5 3. e3 c5 4. c3 Nbd7 5. Nbd2 g6 6. b4 c4 7. Be2 Bg7 8. O-O
O-O 9. a4 Qc7 10. b5 e5 11. dxe5 Nxe5 12. Nxe5 Qxe5 13. Nf3 Qc7 14. Nd4 Ne4 15.
Qc2 Rd8 16. a5 Bd7 17. Ba3 Qxa5 18. Bf3 Qc7 19. Bxe4 dxe4 20. Qxe4 Re8 21. Qf3
Be5 22. h3 a6 23. b6 Qxb6 24. Rab1 Qf6 25. Rxb7 Qxf3 26. Nxf3 Bc6 27. Rb6 Bxf3
28. gxf3 Bxc3 29. Rc1 Bg7 30. Rxc4 Bf8 31. Bxf8 Kxf8 32. Rc7 Re7 33. Rc4 a5 34.
Ra4 Re5 35. f4 Rc5 36. Kg2 Kg7 37. Kf3 Rd8 38. Ra6 Rdd5 39. Ra7 Rh5 40. Kg3 Rhd5
41. Re4 Rf5 42. Ree7 Rc1 43. e4 Rc3+ 44. f3 Rf6 45. e5 Rf5 46. e6 Re3 47. Rxf7+
Rxf7 48. Rxf7+ Kg8 49. f5 gxf5 50. Rxf5 Rxe6 51. Rxa5 Kg7 52. f4 Re3+ 53. Kg4
Re1 54. Ra7+ Kg6 55. Ra6+ Kg7 56. Kf5 Rh1 57. Ra7+ Kh6 58. Ra3 Kg7 59. Rg3+ Kf7
60. Kg5 Kg7 61. Kh5+ Kf6 62. Kg4 h5+ 63. Kxh5 Kf5 64. h4 Kxf4 65. Rg5 Ke4 66.
Ra5 Kf4 67. Ra4+ Kf5 68. Ra6 Rh2 69. Rb6 Rh1 70. Rb5+ Kf6 71. Rb7 Rh2 72. Rb4
Rh1 73. Rg4 Kf7 74. Kh6 Ra1 75. Kh7 Ra5 76. Rf4+ Ke7 77. Kg7 Ra1 78. Re4+ Kd6
79. h5 1-0

[Event "chess.com SpeedChess 2022"]
[Site "chess.com INT"]
[Date "2022.11.30"]
[Round "1.38"]
[White "Aronian, Levon"]
[Black "Andreikin, Dmitry"]
[Result "1-0"]
[WhiteTitle "GM"]
[BlackTitle "GM"]
[WhiteElo "2735"]
[BlackElo "2729"]
[WhiteFideId "13300474"]
[BlackFideId "4158814"]
[EventDate "2022.11.23"]
[EventType "k.o."]

1. e4 e6 2. d4 d5 3. Nc3 Bb4 4. e5 c5 5. a3 Bxc3+ 6. bxc3 Qa5 7. Bd2 Qa4 8. h4
Ne7 9. h5 h6 10. Nf3 Nbc6 11. Rh4 c4 12. Rg4 Rg8 13. Be2 Bd7 14. Kf1 O-O-O 15.
Kg1 Kb8 16. Rf4 Rdf8 17. g4 g6 18. hxg6 Nxg6 19. Rf6 h5 20. Bh6 hxg4 21. Bxf8
gxf3 22. Bd6+ Ka8 23. Bxf3 Ngxe5+ 24. Bg2 Ng6 25. Rxf7 Nh4 26. Bg3 Nxg2 27. Kxg2
Nd8 28. Rf6 b6 29. Qe2 Kb7 30. Rh1 Ka6 31. Rh7 Bc8 32. Rc7 Nb7 33. Rff7 Qxa3 34.
Qf3 Qa4 35. Rf8 Rxf8 36. Qxf8 Bd7 37. Qe7 Bc6 38. Qxe6 Na5 39. Qe7 Kb5 40. Rxa7
Bb7 41. Rxb7 Nxb7 42. Qxb7 Qxc2 43. Qxd5+ Ka6 44. Qxc4+ Ka5 45. d5 b5 46. Qc7+
Ka4 47. Qf4+ Kb3 48. Qb4+ Ka2 49. Qd4 Qb3 50. d6 Qf7 51. d7 Qf5 52. d8=Q 1-0

[Event "chess.com SpeedChess 2022"]
[Site "chess.com INT"]
[Date "2022.11.30"]
[Round "1.39"]
[White "Andreikin, Dmitry"]
[Black "Aronian, Levon"]
[Result "1/2-1/2"]
[WhiteTitle "GM"]
[BlackTitle "GM"]
[WhiteElo "2729"]
[BlackElo "2735"]
[WhiteFideId "4158814"]
[BlackFideId "13300474"]
[EventDate "2022.11.23"]
[EventType "k.o."]

1. d4 Nf6 2. c4 e6 3. Nf3 d5 4. e3 Be7 5. Nc3 O-O 6. a3 Nbd7 7. b4 a5 8. b5 b6
9. cxd5 Nxd5 10. Nxd5 exd5 11. Bd3 Bb7 12. O-O Bd6 13. a4 Qe7 14. Qb3 Rac8 15.
Ba3 Bxa3 16. Qxa3 Qxa3 17. Rxa3 c5 18. bxc6 Bxc6 19. Rb1 Rb8 20. h3 Rfc8 21. Ba6
Bb7 22. Bxb7 Rxb7 23. Rb5 Rc1+ 24. Kh2 Nf6 25. Rab3 Ne4 26. Rxd5 g6 27. Rb2 Rf1
28. Rxa5 Nxf2 29. Ra8+ Kg7 30. a5 Nd1 31. Rxb6 Re7 32. a6 Nxe3 33. Rb7 Re6 34.
a7 Ra1 35. Rc8 Nf1+ 36. Kg1 Ng3+ 37. Kh2 Nf1+ 38. Kg1 Ng3+ 39. Kh2 Nf1+ 1/2-1/2

[Event "chess.com SpeedChess 2022"]
[Site "chess.com INT"]
[Date "2022.11.30"]
[Round "1.310"]
[White "Aronian, Levon"]
[Black "Andreikin, Dmitry"]
[Result "0-1"]
[WhiteTitle "GM"]
[BlackTitle "GM"]
[WhiteElo "2735"]
[BlackElo "2729"]
[WhiteFideId "13300474"]
[BlackFideId "4158814"]
[EventDate "2022.11.23"]
[EventType "k.o."]

1. e4 c5 2. Nf3 e6 3. c3 Nf6 4. e5 Nd5 5. d4 cxd4 6. Bc4 Nc6 7. cxd4 d6 8. O-O
dxe5 9. dxe5 Nb6 10. Bb3 Qxd1 11. Rxd1 Be7 12. Nc3 O-O 13. Ne4 Na5 14. Bc2 Nd5
15. Bg5 Bxg5 16. Nexg5 h6 17. Ne4 Bd7 18. Nd6 Rab8 19. a3 Rfd8 20. b4 Nc6 21.
Rac1 Nce7 22. Bb3 Nf4 23. Rd2 Bc6 24. Rc3 Neg6 25. Re3 Rd7 26. g3 Nh3+ 27. Kf1
Bxf3 28. Rxf3 Nxe5 29. Re3 Ng4 30. Rxe6 Rbd8 31. f4 Kf8 32. Nxf7 Rxd2 33. Nxd8
Nxh2+ 34. Ke1 Nf3+ 35. Kf1 Rf2# 0-1

[Event "chess.com SpeedChess 2022"]
[Site "chess.com INT"]
[Date "2022.11.30"]
[Round "1.311"]
[White "Andreikin, Dmitry"]
[Black "Aronian, Levon"]
[Result "0-1"]
[WhiteTitle "GM"]
[BlackTitle "GM"]
[WhiteElo "2729"]
[BlackElo "2735"]
[WhiteFideId "4158814"]
[BlackFideId "13300474"]
[EventDate "2022.11.23"]
[EventType "k.o."]

1. d4 Nf6 2. c4 g6 3. Nc3 Bg7 4. e4 d6 5. h3 O-O 6. Be3 Nc6 7. d5 Nb4 8. Nf3 e6
9. a3 Na6 10. Bd3 Re8 11. O-O Nc5 12. Bxc5 dxc5 13. e5 Nd7 14. dxe6 Rxe6 15. Be4
c6 16. Ne2 Re8 17. e6 Rxe6 18. Bc2 Bxb2 19. Rb1 Bg7 20. Ng3 Qc7 21. Ng5 Re7 22.
f4 Nf6 23. Qf3 h6 24. N5e4 Nxe4 25. Nxe4 f5 26. Nf2 Be6 27. g4 Rf8 28. gxf5 Bxf5
29. Bxf5 Rxf5 30. Nd3 Qd6 31. Rfe1 Ref7 32. Re4 Kh7 33. Rbe1 b5 34. Re6 Qd4+ 35.
Kg2 bxc4 36. Qg4 cxd3 37. Qxg6+ Kh8 38. Re8+ Rf8 39. Qxf5 Qd5+ 40. Qxd5 cxd5 41.
Rxf8+ Bxf8 42. Kf3 c4 43. Re8 Kg7 44. Rc8 Bxa3 45. Ke3 a5 46. Rd8 Bc1+ 47. Kf3
c3 48. Rxd5 d2 49. Ke2 c2 50. Rxd2 Bxd2 51. Kxd2 Kf6 52. Kxc2 Kf5 53. Kb3 Kxf4
54. Ka4 Kg3 55. Kxa5 Kxh3 56. Kb4 Kg2 57. Kc3 h5 58. Kd3 h4 59. Ke3 h3 60. Kf4
h2 61. Kg4 h1=Q 0-1

[Event "chess.com SpeedChess 2022"]
[Site "chess.com INT"]
[Date "2022.11.30"]
[Round "1.312"]
[White "Aronian, Levon"]
[Black "Andreikin, Dmitry"]
[Result "1-0"]
[WhiteTitle "GM"]
[BlackTitle "GM"]
[WhiteElo "2735"]
[BlackElo "2729"]
[WhiteFideId "13300474"]
[BlackFideId "4158814"]
[EventDate "2022.11.23"]
[EventType "k.o."]

1. e4 c5 2. Nf3 e6 3. c3 d5 4. exd5 exd5 5. d4 Nc6 6. Bb5 Bd6 7. O-O Ne7 8. dxc5
Bxc5 9. Nbd2 O-O 10. Nb3 Bb6 11. Re1 Bg4 12. Be3 Nf5 13. Bxb6 Qxb6 14. Qxd5 Rad8
15. Qc5 Bxf3 16. Qxf5 Bd5 17. c4 Be6 18. Qc5 Nd4 19. Qxb6 axb6 20. Nxd4 Rxd4 21.
b3 Rfd8 22. h3 Rd2 23. Re3 Rb2 24. a4 Rdd2 25. Rf3 g5 26. a5 bxa5 27. Rxa5 h5
28. Ba4 g4 29. Rg5+ Kf8 30. Rf4 h4 31. Rgxg4 Rd1+ 32. Kh2 Rbb1 33. Rxh4 Rh1+ 34.
Kg3 Ke7 35. Re4 Kd6 36. Re3 Rb2 37. Rf4 Rg1 38. h4 Rbb1 39. b4 Rxb4 40. c5+ Kxc5
41. Rxb4 Kxb4 42. Be8 b5 43. h5 Rh1 44. Re5 Bc4 45. Kf4 Rh2 46. g4 Rxf2+ 47. Kg3
Rf1 48. h6 Rh1 49. Rh5 Rg1+ 50. Kf2 Rf1+ 51. Kg3 Rg1+ 52. Kf4 Rf1+ 53. Kg5 Bd3
54. Kh4 f6 55. Kg3 Bh7 56. Rxb5+ Kc3 57. Rb7 Be4 58. Re7 Kd4 59. h7 1-0

[Event "chess.com SpeedChess 2022"]
[Site "chess.com INT"]
[Date "2022.12.06"]
[Round "1.11"]
[White "Carlsen, Magnus"]
[Black "Gukesh, D"]
[Result "1-0"]
[WhiteTitle "GM"]
[BlackTitle "GM"]
[WhiteElo "2859"]
[BlackElo "2725"]
[WhiteFideId "1503014"]
[BlackFideId "46616543"]
[EventDate "2022.11.23"]
[EventType "k.o."]

1. d4 Nf6 2. c4 e6 3. Nc3 Bb4 4. e3 O-O 5. a4 d5 6. Nf3 c5 7. Bd2 Nc6 8. dxc5
Bxc5 9. Be2 dxc4 10. Bxc4 b6 11. O-O Bb7 12. Qe2 Qe7 13. Rfd1 Rfd8 14. Ba6 Bxa6
15. Qxa6 Nb4 16. Qe2 Nd3 17. Be1 Nxe1 18. Nxe1 Bb4 19. Nb5 Bxe1 20. Qxe1 Ne4 21.
Rac1 h6 22. Nd4 Qf6 23. b4 Rac8 24. f3 Rxc1 25. Rxc1 Nd6 26. Nc6 Rd7 27. Qd2 Qg5
28. Rc2 Qd5 29. Qxd5 exd5 30. Kf2 Kf8 31. b5 Ke8 32. Nb4 Nc4 33. Nxd5 Rxd5 34.
Rxc4 Rd2+ 35. Kg3 Ra2 36. f4 Kd7 37. Kf3 h5 38. h3 h4 39. f5 Kd6 40. Rxh4 Ke5
41. Rf4 Ra1 42. g4 Rf1+ 43. Kg3 Re1 44. Kf2 Rh1 45. Rc4 Rxh3 46. Rc7 1-0

[Event "chess.com SpeedChess 2022"]
[Site "chess.com INT"]
[Date "2022.12.06"]
[Round "1.12"]
[White "Gukesh, D"]
[Black "Carlsen, Magnus"]
[Result "1-0"]
[WhiteTitle "GM"]
[BlackTitle "GM"]
[WhiteElo "2725"]
[BlackElo "2859"]
[WhiteFideId "46616543"]
[BlackFideId "1503014"]
[EventDate "2022.11.23"]
[EventType "k.o."]

1. e4 e5 2. Nf3 Nc6 3. Bc4 Nf6 4. d3 Bc5 5. Nc3 h6 6. O-O O-O 7. Be3 Bb6 8. h3
d6 9. a4 Re8 10. Nd5 Nxd5 11. Bxd5 Bxe3 12. fxe3 Be6 13. c4 a5 14. Qd2 Nb4 15.
Bxb7 Rb8 16. Bd5 c6 17. Bxe6 Rxe6 18. Rac1 Re7 19. Nh4 Reb7 20. Nf5 h5 21. Qf2
g6 22. Qg3 Kh7 23. Rcd1 Rd7 24. d4 Rbb7 25. Rd2 Na6 26. Rdf2 Qf6 27. c5 gxf5 28.
Rxf5 Qg7 29. Rxh5+ 1-0

[Event "chess.com SpeedChess 2022"]
[Site "chess.com INT"]
[Date "2022.12.06"]
[Round "1.13"]
[White "Carlsen, Magnus"]
[Black "Gukesh, D"]
[Result "1-0"]
[WhiteTitle "GM"]
[BlackTitle "GM"]
[WhiteElo "2859"]
[BlackElo "2725"]
[WhiteFideId "1503014"]
[BlackFideId "46616543"]
[EventDate "2022.11.23"]
[EventType "k.o."]

1. e4 e5 2. Nf3 Nc6 3. Bb5 Nf6 4. O-O Nxe4 5. Re1 Nd6 6. Nxe5 Be7 7. Bf1 Nxe5 8.
Rxe5 O-O 9. d4 Bf6 10. Re1 Re8 11. Bf4 Rxe1 12. Qxe1 Bxd4 13. Bxd6 cxd6 14. Nc3
Bxc3 15. Qxc3 b6 16. Qf3 Rb8 17. Bc4 Qe7 18. Bd5 a5 19. a4 Ba6 20. c4 Qf6 21.
Qxf6 gxf6 22. Rd1 Kf8 23. Kf1 Ke7 24. Ke2 Bb7 25. b3 Bc6 26. Rd4 Rg8 27. g3 Rg5
28. f4 Rh5 29. h4 Bxd5 30. cxd5 f5 31. Kd3 Rh6 32. Kc4 Kd8 33. Kb5 Kc7 34. Ka6
Rg6 35. Rc4+ 1-0

[Event "chess.com SpeedChess 2022"]
[Site "chess.com INT"]
[Date "2022.12.06"]
[Round "1.14"]
[White "Gukesh, D"]
[Black "Carlsen, Magnus"]
[Result "0-1"]
[WhiteTitle "GM"]
[BlackTitle "GM"]
[WhiteElo "2725"]
[BlackElo "2859"]
[WhiteFideId "46616543"]
[BlackFideId "1503014"]
[EventDate "2022.11.23"]
[EventType "k.o."]

1. e4 c5 2. Nf3 Nc6 3. Bb5 e6 4. Bxc6 bxc6 5. d3 Ne7 6. Nbd2 d5 7. h4 f6 8. h5
e5 9. Qe2 Be6 10. c4 a5 11. a4 Rb8 12. b3 Nc8 13. Ba3 Bd6 14. Rc1 d4 15. Rc2 Nb6
16. Bc1 Kd7 17. Nf1 Na8 18. Rb2 Nc7 19. Ng3 g6 20. Nh4 Bf7 21. Qg4+ Ne6 22. Ne2
Kc7 23. f4 f5 24. exf5 gxh5 25. Qf3 Nxf4 26. Nxf4 exf4 27. Bxf4 Re8+ 28. Kf2 Re3
29. Bxe3 dxe3+ 30. Qxe3 Qf6 31. Re2 Rxb3 32. Qe4 Qg5 33. Rh3 Qg4 34. Nf3 Qxe4
35. dxe4 Bxc4 36. Rd2 Bf4 37. Rc2 Bd3 38. Rxc5 Rb2+ 39. Ke1 Re2+ 40. Kd1 Ra2 41.
Ke1 Be3 42. Nd2 Ra1+ 0-1

[Event "chess.com SpeedChess 2022"]
[Site "chess.com INT"]
[Date "2022.12.06"]
[Round "1.15"]
[White "Carlsen, Magnus"]
[Black "Gukesh, D"]
[Result "1-0"]
[WhiteTitle "GM"]
[BlackTitle "GM"]
[WhiteElo "2859"]
[BlackElo "2725"]
[WhiteFideId "1503014"]
[BlackFideId "46616543"]
[EventDate "2022.11.23"]
[EventType "k.o."]

1. e4 e5 2. Nf3 Nc6 3. Bb5 Nf6 4. O-O Nxe4 5. Re1 Nd6 6. Nxe5 Be7 7. Bf1 Nxe5 8.
Rxe5 O-O 9. d4 Bf6 10. Re1 Nf5 11. d5 d6 12. Nd2 Bg5 13. a4 a5 14. Bb5 Bd7 15.
Bxd7 Qxd7 16. Qg4 Bxd2 17. Bxd2 b6 18. Re4 Rae8 19. Rae1 Rxe4 20. Qxe4 f6 21. h3
g6 22. g4 Ng7 23. Qd4 Qf7 24. f4 Re8 25. Kf2 Rxe1 26. Bxe1 Qe7 27. Bd2 Kf7 28.
Qc4 h5 29. Bc3 hxg4 30. hxg4 Qd7 31. b3 Ne8 32. Kf3 Kg8 33. Qe4 Kf7 34. Qe1 Qe7
35. Qh1 Kg8 36. Qh6 Qf7 37. g5 Qxd5+ 38. Ke3 Qe6+ 39. Kd2 Qf5 40. Qh4 Kg7 41.
Kc1 d5 42. Kb2 c5 43. gxf6+ Nxf6 44. Be5 Kf7 45. Qh8 Ne4 46. Qb8 Qe6 47. Qc7+
Kf8 48. Qd8+ Kf7 49. Bc7 Qf6+ 50. Qxf6+ Kxf6 51. Bxb6 Kf5 52. Bxa5 Kxf4 53. Bc7+
Kf5 54. a5 c4 55. a6 1-0

[Event "chess.com SpeedChess 2022"]
[Site "chess.com INT"]
[Date "2022.12.06"]
[Round "1.16"]
[White "Gukesh, D"]
[Black "Carlsen, Magnus"]
[Result "0-1"]
[WhiteTitle "GM"]
[BlackTitle "GM"]
[WhiteElo "2725"]
[BlackElo "2859"]
[WhiteFideId "46616543"]
[BlackFideId "1503014"]
[EventDate "2022.11.23"]
[EventType "k.o."]

1. e4 c6 2. d4 d5 3. e5 Bf5 4. Nf3 e6 5. Be2 Ne7 6. O-O h6 7. c3 a5 8. a4 Nd7 9.
Nbd2 Qb6 10. Nb3 Bh7 11. Bd2 Ng6 12. h4 Be7 13. h5 Nh4 14. Ne1 O-O 15. Nd3 c5
16. Nbxc5 Nxc5 17. dxc5 Bxc5 18. Nxc5 Qxc5 19. Bf4 Be4 20. g4 f5 21. Be3 d4 22.
cxd4 Qd5 23. Rc1 Nf3+ 24. Bxf3 Bxf3 25. Qd3 fxg4 26. Rc5 Qe4 27. Qxe4 Bxe4 28.
Rfc1 Rf5 29. Rc8+ Rxc8 30. Rxc8+ Kh7 31. Rc5 Rxh5 32. Kf1 b6 33. Rc7 Rh1+ 34.
Ke2 Rb1 35. Bc1 h5 36. Ke3 Bd5 37. Kd3 h4 38. Bg5 h3 39. Bf6 h2 40. Rxg7+ Kh6 0-1

[Event "chess.com SpeedChess 2022"]
[Site "chess.com INT"]
[Date "2022.12.06"]
[Round "1.17"]
[White "Carlsen, Magnus"]
[Black "Gukesh, D"]
[Result "1-0"]
[WhiteTitle "GM"]
[BlackTitle "GM"]
[WhiteElo "2859"]
[BlackElo "2725"]
[WhiteFideId "1503014"]
[BlackFideId "46616543"]
[EventDate "2022.11.23"]
[EventType "k.o."]

1. e4 c5 2. Nf3 Nc6 3. Nc3 e5 4. Bc4 g6 5. d3 h6 6. a3 Bg7 7. b4 d6 8. O-O Nge7
9. bxc5 dxc5 10. Rb1 O-O 11. Nd5 b6 12. Re1 Be6 13. Nxe7+ Qxe7 14. Bd5 Rac8 15.
c4 Bg4 16. h3 Bxf3 17. Qxf3 Nd4 18. Qd1 Kh7 19. Bb2 Ne6 20. g3 Nc7 21. Bc3 Nxd5
22. exd5 Rce8 23. a4 f5 24. a5 e4 25. Bxg7 Qxg7 26. axb6 f4 27. Rxe4 Rxe4 28.
dxe4 fxg3 29. fxg3 axb6 30. Kg2 Qc3 31. Qe2 1-0

[Event "chess.com SpeedChess 2022"]
[Site "chess.com INT"]
[Date "2022.12.06"]
[Round "1.18"]
[White "Gukesh, D"]
[Black "Carlsen, Magnus"]
[Result "0-1"]
[WhiteTitle "GM"]
[BlackTitle "GM"]
[WhiteElo "2725"]
[BlackElo "2859"]
[WhiteFideId "46616543"]
[BlackFideId "1503014"]
[EventDate "2022.11.23"]
[EventType "k.o."]

1. d4 Nf6 2. c4 e6 3. Nf3 Bb4+ 4. Nbd2 O-O 5. a3 Be7 6. e4 d6 7. Bd3 e5 8. O-O
Nfd7 9. Re1 a5 10. Bc2 exd4 11. Nxd4 Bf6 12. Nf1 Nc6 13. Be3 Re8 14. f4 Nxd4 15.
Bxd4 Bxd4+ 16. Qxd4 Qf6 17. Qxf6 Nxf6 18. a4 Bd7 19. Re3 Re7 20. Rae1 Rae8 21.
h3 Bc6 22. g4 Nd7 23. Ng3 g6 24. b3 Nc5 25. h4 Bd7 26. g5 h6 27. Kf2 Kg7 28.
gxh6+ Kxh6 29. Bd1 Ne6 30. f5 Nc5 31. h5 gxf5 32. exf5 Rxe3 33. Rxe3 Rxe3 34.
Kxe3 Kg5 35. Bc2 f6 36. Kd4 Be8 37. Bd1 Bf7 38. Ke3 b6 39. Kf2 d5 40. cxd5 Bxd5
41. Nf1 Bxb3 42. Be2 Bxa4 43. Ne3 Bb3 44. Ng4 Bg8 45. h6 Bh7 46. Ke3 a4 47. Kd4
Bxf5 48. Kc3 Bh7 0-1

[Event "chess.com SpeedChess 2022"]
[Site "chess.com INT"]
[Date "2022.12.06"]
[Round "1.19"]
[White "Carlsen, Magnus"]
[Black "Gukesh, D"]
[Result "1-0"]
[WhiteTitle "GM"]
[BlackTitle "GM"]
[WhiteElo "2859"]
[BlackElo "2725"]
[WhiteFideId "1503014"]
[BlackFideId "46616543"]
[EventDate "2022.11.23"]
[EventType "k.o."]

1. d4 Nf6 2. c4 e6 3. Nf3 d5 4. Nc3 Bb4 5. e3 O-O 6. a3 Bxc3+ 7. bxc3 dxc4 8.
Bxc4 c5 9. O-O b6 10. Qe2 Qc7 11. e4 Nbd7 12. e5 Nd5 13. Ng5 h6 14. Ne4 f6 15.
Bxh6 gxh6 16. Qg4+ Kh8 17. Qg6 Bb7 18. Qxh6+ Kg8 19. Qg6+ Kh8 20. Rad1 Nxe5 21.
dxe5 Qxe5 22. Bxd5 exd5 23. Rd3 1-0

[Event "chess.com SpeedChess 2022"]
[Site "chess.com INT"]
[Date "2022.12.06"]
[Round "1.21"]
[White "Gukesh, D"]
[Black "Carlsen, Magnus"]
[Result "0-1"]
[WhiteTitle "GM"]
[BlackTitle "GM"]
[WhiteElo "2725"]
[BlackElo "2859"]
[WhiteFideId "46616543"]
[BlackFideId "1503014"]
[EventDate "2022.11.23"]
[EventType "k.o."]

1. Nf3 Nf6 2. g3 b5 3. Bg2 Bb7 4. O-O g6 5. d3 Bg7 6. e4 d6 7. Nc3 b4 8. Ne2 O-O
9. h3 a5 10. g4 c5 11. Ng3 Nc6 12. Rb1 Nd7 13. Be3 a4 14. a3 bxa3 15. bxa3 Ba6
16. Qd2 c4 17. Rfd1 cxd3 18. cxd3 Nce5 19. Nxe5 Nxe5 20. Qe2 Rb8 21. Rxb8 Qxb8
22. f4 Nxd3 23. Rxd3 Rc8 24. Bd2 Bd4+ 25. Kh2 Qb1 26. Bf1 Rc2 27. Qg2 Bxd3 28.
Bxd3 Qg1+ 29. Qxg1 Bxg1+ 30. Kxg1 Rxd2 31. Bb5 Ra2 32. Ne2 Rxa3 33. Kf2 Ra2 34.
Ke3 a3 0-1

[Event "chess.com SpeedChess 2022"]
[Site "chess.com INT"]
[Date "2022.12.06"]
[Round "1.22"]
[White "Carlsen, Magnus"]
[Black "Gukesh, D"]
[Result "0-1"]
[WhiteTitle "GM"]
[BlackTitle "GM"]
[WhiteElo "2859"]
[BlackElo "2725"]
[WhiteFideId "1503014"]
[BlackFideId "46616543"]
[EventDate "2022.11.23"]
[EventType "k.o."]

1. e4 c5 2. Nf3 Nc6 3. Nc3 e6 4. d4 cxd4 5. Nxd4 Nf6 6. a3 Be7 7. g3 d6 8. Bg2
O-O 9. O-O Bd7 10. Nxc6 Bxc6 11. a4 Qc7 12. Re1 Nd7 13. Nb5 Qb8 14. Nd4 Qc7 15.
b3 Rac8 16. Ba3 Rfd8 17. Qd2 Nc5 18. Nxc6 Qxc6 19. Rad1 Qc7 20. h4 h6 21. Re3 a6
22. Bb4 b6 23. a5 b5 24. Qe2 Bf6 25. c3 Nxb3 26. Qa2 Nc5 27. Rd2 Na4 28. c4 Qxc4
29. Qxc4 Rxc4 30. Bxd6 Rd4 31. Rxd4 Bxd4 32. Be7 Rd7 33. Rd3 Bxf2+ 0-1